Sakereg (Record no. 391)

MARC details
000 -LEADER
fixed length control field 00566nam a22001817a 4500
005 - DATE AND TIME OF INPUT
control field 20231107144427.0
008 - DATA ELEMENTS--GENERAL INFORMATION
fixed length control field 231107b |||||||| |||| 00| 0 eng d
020 ## - INTERNATIONAL STANDARD BOOK NUMBER
International Standard Book Number 0409059234 ; 0409059226
041 ## - LANGUAGE CODE
Language code of text Afrikaans
082 ## - SHELF NUMBER
DDC number 346.4 VAN
100 ## - MAIN AUTHOR
Main author's name Van der Merwe, CG
Language of a work Afrikaans
245 ## - TITLE STATEMENT
Title Sakereg
Statement of responsibility, etc. CG Van der Merwe
250 ## - EDITION STATEMENT
Edition statement Tweede Uitgawe
260 ## - PUBLICATION, DISTRIBUTION, ETC.
Place of publication, distribution, etc. Durban :
Name of publisher, distributor, etc. Butterworth Professionele Uitgewers (Edms) Bpk,
Date of publication, distribution, etc. 1989
300 ## - PHYSICAL DESCRIPTION
Other physical details xiii, 848 pages ;
Dimensions 25,3 cm.
650 ## - SUBJECT`
Broad subject Legal practice
Own subject terms Law
942 ## - ADDED ENTRY ELEMENTS (KOHA)
Item type Books
942 ## - ADDED ENTRY ELEMENTS (KOHA)
-- ALISON_BN_VRIES
Holdings
Source of classification or shelving scheme Not for loan Collection code Home library Current library Shelving location Date acquired Full call number Barcode Price effective from Koha item type
Dewey Decimal Classification   TEXT BOOKS LAW SOCIETY OF NAMIBIA LIBRARY - WINDHOEK LAW SOCIETY OF NAMIBIA LIBRARY - WINDHOEK Property law 11/07/2023 346.4 VAN LSN/1998/37 11/07/2023 Books